| 000 | 00716nam a22002297a 4500 | ||
|---|---|---|---|
| 999 |
_c15226 _d15226 |
||
| 003 | AR-CdUCM | ||
| 008 | 190426b ||||| |||| 00| 0 spa d | ||
| 020 | _a968-29-1146-X | ||
| 040 |
_aMUNICIPALIDAD PROVINCIAL DEL CUSCO _cBIBLIOTECA MUNICIPAL DEL CUSCO |
||
| 082 |
_22ed. _aES / 808 / _bMedero, Marinés |
||
| 100 |
_aMedero,Marinés _927200 |
||
| 245 | _aEl manchas / | ||
| 260 |
_aMexico : _bSecretaria de educación pública, _c1987. |
||
| 300 |
_bIlustraciones, graficos, dinujo _c21 cm. |
||
| 500 | _aCuentos y leyendas | ||
| 650 |
_aCuentos _9312 |
||
| 650 |
_aLeyendas _92226 |
||
| 650 |
_aHistorias _92725 |
||
| 700 |
_aFigueroa, María _934264 |
||
| 942 |
_2ddc _cLIBROS |
||
| 945 |
_apjha _d2019-04-26 |
||